000 00390pam a2200181a 44500
008 230405s2007 xxu||||| |||| 00| 0 eng d
041 _aENG
100 _aDouglas West
245 _aStrategic Marketing
250 _a2
260 _a
_bOxford
_c2007
300 _a517p,24cms
440 _a375
690 _aIMRDA
700 _aEssam Ibrahim
700 _aJohn Ford
906 _a3970
999 _c256829
_d256829